000 00472cam a2200193ua 4500
001 2835
005 20260515113600.0
008 110912n ii |||gr||||Z||||||asm
040 _cMAIN
082 _a891.4512
100 1 _aBharali, Sailen,
_eAuthor.
245 1 1 _aTragedy bichar
_cby Sailen Bharali
250 _a1st.
260 _aGuahati:
_bBani prakash,972.
_aKolkata:
300 _a61p:
_c23cm.
653 _aAssamese drama
653 _aTragedy bichar
942 _cBK
999 _c2682
_d2682